000 00587nam a22001817a 4500
005 20250919151100.0
008 250911b |||||||| |||| 00| 0 eng d
020 _a9781647288280
082 _aDC 516 M164 2025
100 _aMcFarland, Lydia.
_967375
245 _aUnderstanding geometry /
_cLydia McFarland.
260 _aUSA :
_bWillford Press,
_c©2025.
300 _avii, 240 pages :
_billustrations (some colors) ;
_c26 cm.
500 _aIncludes references and index.
650 0 _aGeometry.
_967923
650 0 _aGeometry
_xProblems, exercises, etc.
_967924
942 _2ddc
_cDC
999 _c23735
_d23735